| 000 | 00905cab a2200325 4500 | ||
|---|---|---|---|
| 001 | ABS58552 | ||
| 008 | 090401t1998 xxu||||| |||| 00| 0 eng d | ||
| 035 | _a(Sirsi) u85621 | ||
| 041 | _aeng | ||
| 245 | _aRegional survey: North-east | ||
| 260 | _c1998 | ||
| 350 | _a0 | ||
| 490 |
_aProperty Week _v62(13) 9 April 1998, 30-45(7) |
||
| 650 | _aCAP | ||
| 650 | _aEMU | ||
| 650 | _aGATESHEAD | ||
| 650 | _aINDUSTRIAL MARKET | ||
| 650 | _aNORTHEAST ENGLAND | ||
| 650 | _aNORTH EAST | ||
| 650 | _aPROPERTY-COMMERCIAL PROPERTY-OFFICE PROPERTY-OFFICE PROPERTY MARKET | ||
| 650 | _aPLANNING ISSUES | ||
| 650 | _aPLANNING | ||
| 650 | _aREGIONS | ||
| 650 | _aPROPERTY-COMMERCIAL PROPERTY-RETAIL PROPERTY-RETAIL PROPERTY MARKET | ||
| 650 | _aTOWN CENTRES | ||
| 650 | _aTYNESIDE | ||
| 690 | _aPROPERTY-COMMERCIAL PROPERTY-COMMERCIAL PROPERTY MARKET | ||
| 942 | _n0 | ||
| 948 | _c16/04/1998 | ||
| 999 |
_c53846 _d53846 |
||